000 00833nam a2200229Ii 4500
003 JO-AjNU
008 230605s9999||||xx |||||||||||||| ||und||
017 _a2020/9/3967
020 _a978-9957-94-566-4
040 _aJO-AjNU
_bara
_erda
_cJO-AjNU
041 _aara
050 1 4 _aPJ6803.2.K4363.2020
100 3 _aالكفاوين، منصور عبدالكريم,
_eauthor
_962637
245 0 0 _aمن الفصيح المهجور: بحث في رد العامي في الاردن الى الفصح (لهجة محافظة الكرك نموذجا)
250 _aط1
264 3 1 _aعمان: وزارة الثقافة، 2020
300 _a316ص
336 _atext
_btxt
_2rdacontent
337 _aunmediated
_bn
_2rdamedia
338 _avolume
_bnc
_2rdacarrier
650 4 _aاللغة العربية-الاردن-الكرك
_962638
999 _aA28373
_c31941
_d31941